| 000 | 00000nam##2200000za#4500 |
| 001 | 9.642283 |
| 003 | CaOODSP |
| 005 | 20210624223626 |
| 007 | cr ||||||||||| |
| 008 | 150407|1996||||xxc|||||o f|0| 0 fre|d |
| 040 | |aCaOODSP|bfre |
| 043 | |an-cn--- |
| 086 | 1 |aR63-210/1996F-PDF |
| 110 | 1 |aCanada.|bPatrimoine canadien. |bParcs Canada. |
| 245 | 10|aCode de pratique du BEEFP / |h[ressource électronique]|cproduit à la demande du Bureau d'examen des édifices fédéraux du patrimoine ; auteurs, Herb Stovel, assisté de Julian Smith. |
| 246 | 1 |iTitre de renvoi : |aBureau d'examen des édifices fédéraux du patrimoine (BEEFP)-- code de pratique du BEEFP |
| 260 | |aOttawa - Ontario : |bPatrimoine canadien. |cMars 1996. |
| 300 | |a56p.|bfigures, photographies |
| 500 | |aLe n° de catalogue (R63-210/1996) et l'ISBN (0-662-62274-X) de l'édition imprimée bilingue ont été incorrectement copiés dans l'édition électronique. |
| 590 | |a13-18-Supp|b2013-08-01 |
| 691 | 07|aÉdifice public|2gcpds |
| 691 | 07|aPatrimoine culturel|2gcpds |
| 720 | 1 |aStovel, Herb |
| 720 | 1 |aSmith, Julian |
| 775 | 08|tFHBRO code of practice / |w(CaOODSP)9.698271 |
| 776 | 0#|tFederal Heritage Building Review Office (FHBRO) code of practice / |w(CaOODSP)9.658329 |
| 776 | 0#|tBureau d'examen des édifices fédéraux du patrimoine (BEEFP): code de pratique du BEEFP / |w(CaOODSP)9.658330 |
| 856 | 40|ahttp://publications.gc.ca|qPDF|s3.11 Mo|uhttps://publications.gc.ca/collections/Collection/R63-210-1996F.pdf |